00663 2200229 4500001002100000005001700021008004100038020002200079035002400101040001200125082001800137090002400155100002600179245007000205250001100275260003300286300002300319500003000342650002800372850001200400990002100412INLIS00000000002149320161123092716.0  a978-602-978-556-2 0010-071600000000284 aYOPDYOG 223a297.77083 aDEP 297.77083 Alb A aALBARI, Subhan Husain aAgar abak rajin shalatc/ Subhan Husain Albari; editor, Rusdianto aCet. 1 aYogyakartabDiva Pressc2011 a132 hlm.c; 20 cm. aBibliografi : hlm 129-132 aIslam - pendidikan anak aYOPDYOG aCB-D.11/2011-215